Chapter 2 Big stories and small stories in the psychological relief work after the earthquake disaster (Record no. 26391)

MARC details
000 -LEADER
fixed length control field 00835nam a2200121Ia 4500
008 - FIXED-LENGTH DATA ELEMENTS--GENERAL INFORMATION
fixed length control field 220620s9999||||xx |||||||||||||| ||und||
100 ## - MAIN ENTRY--PERSONAL NAME
Personal name Kawai, Toshio||Holt, Robin
245 #0 - TITLE STATEMENT
Title Chapter 2 Big stories and small stories in the psychological relief work after the earthquake disaster
Remainder of title Life and Death
546 ## - LANGUAGE NOTE
Language note English[eng]
650 ## - SUBJECT ADDED ENTRY--TOPICAL TERM
Topical term or geographic name entry element Economics||Finance||Business & Industry||Business||Management and Accounting||Marketing||Consumer Behaviour||Corporate Social Responsibility & Business Ethics||Critical Management Studies||Entrepreneurship and Small Business Management||Entrepreneurship||Human Resource Management||Organizational Studies||Behavioral Sciences||Psychological Science||Work & Organizational Psychology
856 ## - ELECTRONIC LOCATION AND ACCESS
Uniform Resource Identifier <a href="https://library.oapen.org/bitstream/20.500.12657/22277/1/9780415721264_oachapter2.pdf">https://library.oapen.org/bitstream/20.500.12657/22277/1/9780415721264_oachapter2.pdf</a>
942 ## - ADDED ENTRY ELEMENTS (KOHA)
Koha item type E-Books
Holdings
Withdrawn status Lost status Damaged status Not for loan Home library Current library Date acquired Total Checkouts Date last seen Price effective from Koha item type
        Kerala University of Digital Sciences, Innovation and Technology Knowledge Centre Kerala University of Digital Sciences, Innovation and Technology Knowledge Centre 20/06/2022   20/06/2022 20/06/2022 E-Books